[Event "Damhusmesterskabet Gruppe A 2010"]
[Site "Rodovre"]
[Date "2010.10.26"]
[Round "7"]
[White "Petersen, Steffen"]
[Black "Hojgaard, Knud"]
[Result "1-0"]
[WhiteElo "1625"]
[BlackElo "1790"]
[PlyCount "139"]
[EventDate "2010.??.??"]

1. e4 e6 2. d4 d5 3. Nd2 Nf6 4. Bd3 c5 5. exd5 exd5 6. dxc5 Bxc5 7. Ngf3 Nc6 8.
O-O O-O 9. Nb3 Bb6 10. Bg5 Qd6 11. Bh4 Bg4 12. Bg3 Qd7 13. c3 h6 14. Bc2 Bf5
15. Ne5 Nxe5 16. Bxe5 Bxc2 17. Qxc2 Ne4 18. Bd4 Bc7 19. f3 Ng5 20. Rae1 Rfe8
21. Bf2 b6 22. Nd4 Rxe1 23. Rxe1 Re8 24. Qf5 Rxe1+ 25. Bxe1 Ne6 26. Bf2 Bd8 27.
Qg4 Bf6 28. Be3 Kf8 29. Kf2 Nc5 30. Qxd7 Nxd7 31. Nb5 Ne5 32. b3 Nc6 33. Ke2
Be5 34. g3 Ke7 35. f4 Bb8 36. Kd3 f6 37. b4 Kd7 38. a3 a6 39. Nd4 Nxd4 40. Kxd4
Kc6 41. c4 dxc4 42. Kxc4 Bd6 43. Bd2 f5 44. a4 Be7 45. b5+ axb5+ 46. axb5+ Kd7
47. Kd5 Bc5 48. Be1 Bg1 49. h4 g6 50. h5 gxh5 51. Ke5 h4 52. gxh4 Be3 53. h5
Ke7 54. Bb4+ Kf7 55. Kxf5 Bd4 56. Bd6 Bf2 57. Ke5 Bg1 58. Kd5 Be3 59. Be5 Bc5
60. f5 Bf2 61. Bd4 Bxd4 62. Kxd4 Kf6 63. Kd5 Kxf5 64. Kc6 Kg5 65. Kxb6 Kxh5 66.
Ka7 Kg4 67. b6 h5 68. b7 h4 69. b8=Q h3 70. Qh2 1-0